000 01695nam0a22003731 4500
001 v19\rc\1504554
005 20250618200211.0
035 _a(NLR Aleph) 004687678
090 _a3892802
_c3892802
100 _a20060620d1883 |||y0rusy50 ca
101 1 _arus
_cger
102 _aRU
105 _aa z |||||
200 1 _aБолезни щитовидной железы
_fПроф. Люкке в Штрасбурге
_gПер. с нем. д-ра мед. Н.П. Иванова
210 _aСанкт-Петербург
_cГл. воен.-мед. упр.
_d[1883]
215 _a[2], 136 с.
_cил.
_d26
225 1 _aРуководство к общей и частной хирургии со включением топографической анатомии и учения об операциях и повязках
_vЧ. 3. Т. 1. Вып. 6
300 _aВып. вышел в общ. обл. с вып. 4-м 1-го т. ч. 4-й
311 _a6-е прил. к "Воен.-мед. журн." за 1883 г.
320 _aБиблиогр. к отдельным главам
422 0 _12001#$aВоенно-медицинский журнал$v1883
_tВоенно-медицинский журнал
700 1 _7ca
_8rus
_aЛюке
_bГ. А.
_f1829-1894
_gГеорг Альберт
_9243232
_3RU\NLR\AUTH\770243288
702 1 _aИванов
_bН.П.
_4730
790 1 _9z01700
_aЛюкке
_f1829-1894
801 0 _aRU
_bNLR
_gpsbo
801 0 _aRU
_bRuMoRGB
_2psbo
801 1 _aRU
_bProSoft-M
_2rusmarc
852 _aNLR
_j18.155.6.10(14)
852 _aNLR
_j133/2022(14)
899 _aRuMoRGB
_jE 99/166
899 _aRuMoRGB
_jO 8/309
942 _cBOOK
980 _aNB